000 00431nam a2200145Ia 4500
008 240729s9999 xx 000 0 und d
245 0 _aITB Journal of Engineering Science
260 _aIndonesia
260 _bITB Journal Publisher
650 _a Engineering (General). Civil engineering (General)
650 _aTechnology
856 _uhttps://doaj.org/toc/bdc517139c354a4e95958c071c9440a3
942 _2ddc
942 _cDOAJEJ
999 _c66594
_d66594
945 _a1
_bMadushi Gamage
_c1
_dMadushi Gamage